Využitie plných lôpt na hodine telesnej výchovy v kondičných vložkách

Saved in:
Bibliographic Details
Main Authors: Krišanda, Andrej (Author), Klaček, Tibor (Author), Puskajler, Peter (Author)
Format: Book
Language:Slovak
Published: Prešov : Metodicko-pedagogické centrum, 2002
Edition:1. vyd.
Subjects:
APR
ISBN:8080452652
Online Access: Get full text
Tags: Add Tag
No Tags, Be the first to tag this record!

MARC

LEADER 00000nam a2200000 4500
003 SK-BrCVT
005 20230525122354.0
008 221214c2002 xo slo
020 |a 8080452652  |c 40.00 Sk 
035 |a CVTIDW0018428 
040 |a CVTISR  |c CVTISR  |e AACR2 
041 |a slo 
044 |a xo  |c SK 
100 1 |a Krišanda, Andrej  |4 aut 
245 1 |a Využitie plných lôpt na hodine telesnej výchovy v kondičných vložkách  |c Autori: Andrej Krišanda, Tibor Klaček, Peter Puskajler 
250 |a 1. vyd. 
260 1 |a Prešov :  |b Metodicko-pedagogické centrum,  |c 2002 
300 |a 43 s. 
655 4 |a APR  |9 36724 
700 1 |a Klaček, Tibor  |4 aut  |g doplnená zodpovednosť 
700 1 |a Puskajler, Peter  |4 aut  |g doplnená zodpovednosť 
910 |a 5010  |b P030128 
919 |a 80-8045-265-2 
974 |a cvti cvti  |f Knihy neprofilové  |b cvti cvti 
992 |a APR 
997 |h WINISIS 
999 |c 282909  |d 282909